| 000 | 02022nam a2200301 a 4500 | ||
|---|---|---|---|
| 001 | 78013 | ||
| 003 | BD-RjUL | ||
| 005 | 20211209083058.0 | ||
| 008 | 210303s 2002bg a|||| m||| 00| 0 ben d | ||
| 035 | _a(BD-RjUL)78239 | ||
| 040 |
_aBD-RjUL _bben /eng _cBD-RjUL _dBD-RjUL |
||
| 041 | _aben | ||
| 082 |
_a891.551109 _bHUJ 2002 _223 |
||
| 100 |
_aহুদা, মো. নুরুল _9245515 |
||
| 245 | 1 | 0 |
_aজালালউদ্দীন রুমীর মাসনবী : _bজীবন - দর্শন ও আধ্যাত্মবাদ / _cমো. নুরুল হুদা ; _6গবেষণা তত্ত্বাবধায়ক : এফ. এম. এ. এইচ. তাকী |
| 260 |
_aরাজশাহী : _bভাষা বিভাগ, রাজশাহী বিশ্ববিদ্যালয়, _c২০০২ |
||
| 300 |
_a[এগার], ২৫৯ পাতা : _bচিএ ; _c২৯ সেমি. |
||
| 502 | _aথিসিস (পি-এইচ. ডি.) -- ভাষা বিভাগ, রাজশাহী বিশ্ববিদ্যালয়, ২০০২ | ||
| 504 | _aগ্রন্থ-পঞ্জি : পাতা ২৩৪ - ২৫০ | ||
| 600 |
_a রুমি, জালাল উদ্দিন মুহাম্মদ, _d--১২০৭ - ১২৭৩ _xমাসনবী _xসমালোচনা ও ব্যাখা _9245592 |
||
| 600 |
_aRūmī, Jalāl ad-Dīn Muhammad, _d--1207-1273 _xMas̲navī _xCriticism and Interpretation _9245601 |
||
| 650 |
_aসুফি কবিতা, ফার্সী _xইতিহাস ও সমালোচনা _9125069 |
||
| 650 |
_aSufi poetry, Persian _xHistory and Criticism _9245594 |
||
| 650 |
_aফার্সী কবিতা _xইতিহাস ও সমালোচনা _9245602 |
||
| 650 |
_aPersian Poetry _xHistory and Criticism _9245603 |
||
| 700 |
_aতাকী. এফ. এম. এ. এইচ. গবেষণা তত্ত্বাবধায়ক _9245519 |
||
| 942 |
_2ddc _cTHE |
||
| 999 |
_c78013 _d78013 |
||